Historia : América y Europa entre el siglo XIV y fines del siglo XVIII /

Guardado en:
Autor Principal: Casola, Nicolas, 2015.
Formato: Libro
Idioma:Undetermined
Publicado: Buenos Aires : Santillana, 2015.
Edición:1era ed.
Series:Santillana en línea
Materias:
Etiquetas: Agregar Etiqueta
Sin Etiquetas, Sea el primero en etiquetar este registro!
LEADER 02866nam a22002055a 4500
001 CEM.cems025160
008 260505s2015####ag#a##########000#0#und#d
005 20260505130147.0
245 1 0 |a Historia :  |b América y Europa entre el siglo XIV y fines del siglo XVIII /  |c Natalia L. Casola; Amanda Celotto; Agustín Galimberti. 
250 |a 1era ed. 
260 |a Buenos Aires :  |b Santillana,  |c 2015. 
300 |a 240 p. :  |b il. ;  |c 27 cm. 
490 1 |a Santillana en línea 
505 0 |a Pueblos originarios de América Hace 500 años -- Reconstruir esta historia ¿Qué es el etnocentrismo? -- Los mayas Nobles, campesinos, esclavos -- Cultivar y comerciar Los dioses y su culto -- Logros culturales -- Comunicación -- Los aztecas La pirámide social -- Islas artificiales en el lago -- Una religión muy ligada a la guerra -- Los incas La organización de la sociedad -- El ayllu La administración del Estado -- Las actividades económicas -- Europa feudal en crisis -- El panorama europeo -- La expansión agrícola -- La expansión militar -- Las Cruzadas -- La Reconquista española -- Resolución de problemas -- La reactivación del comercio -- El resurgimiento urbano ¿Cómo era la ciudad medieval? -- La vida cultural Los burgueses: habitantes de las ciudades Los artesanos y sus gremios -- La crisis del siglo xiv -- Una catástrofe que mató a millones -- El Renacimiento y la apertura de nuevos horizontes -- La recuperación de Europa -- Desarrollo manufacturero y comercial -- La formación de los Estados modernos -- Una nueva visión del mundo -- El Humanismo -- La difusión del Humanismo Representantes del Humanismo -- La búsqueda de nuevos conocimientos -- El arte del Renacimiento -- Dos etapas en Italia Y fuera de Italia Artistas y mecenas -- La pintura -- El mundo hacia el año 1500 -- Las rutas comerciales -- La necesidad de nuevas rutas -- Con estos adelantos sí nos animamos -- ¿Por qué España y Portugal? -- La elección de Portugal -- La elección de España -- Los viajes de Colón Nuevas expediciones -- El mundo hacia el año 1500 -- Las rutas comerciales -- La necesidad de nuevas rutas -- Con estos adelantos sí nos animamos -- ¿Por qué España y Portugal? -- La elección de Portugal -- La elección de España Los viajes de Colón -- Nuevas expediciones -- Comienza la conquista -- Los preparativos -- Los móviles Los primeros años -- Las encomiendas -- De documentos, debates y leyes -- Documentos: La Polémica de los Naturales -- La conquista del Imperio azteca -- La conquista del Imperio inca -- El encuentro en Cajamarca -- La toma de Cuzco Las razones de la victoria -- La ocupación del actual territorio argentino 
020 |a 9789504640141 
100 1 |a Casola, Nicolas,  |d 2015. 
082 0 4 |a 907 
653 |a Historia 
653 |a Educación Secundario 
859 |a CEMS  |b BIB. CEMS - Agricultura  |h 940.2  |i C270  |p A4132.26  |t Ej.1